5-Star Family TV Shows Quiz Stats

Quiz Updated Aug 19, 2015

Also try: TV Show by Kids
Challenge
Share
Tweet
Embed
Score 0/55 Timer 07:00
6 Plays Today
% Correct
Bart
99.3%
Homer
98.6%
Marge
98.1%
Lisa
96.9%
Monica
95.3%
Ross
95.3%
Maggie
93.5%
Stewie
92.2%
Peter
89.3%
Carlton
89.1%
Morticia
88.7%
Roseanne
88.6%
Wednesday
88.4%
Tony
85.9%
Lois
85.7%
Meg
84.8%
Fester
84.6%
Gomez
83.8%
Pugsley
81.6%
Tyrion
81.2%
Tywin
79.5%
Cersei
78.4%
Theo
77.9%
Clair
77.1%
Rudy
76%
Dan
75.5%
Darlene
73.5%
Philip
73.1%
% Correct
Heathcliff
72.9%
Chris
72.8%
Vivian
72.4%
Becky
72.3%
Carmela
71%
Vanessa
69.9%
D.J.
68.8%
Hilary
67.9%
George Michael
66.1%
Lancel
65.7%
Ashley
65.6%
Jack
63.8%
Michael
62.4%
Judy
61.9%
Ben
59.9%
Buster
58.9%
Edith
58.8%
G.O.B.
56.4%
Mary
51.7%
Cora
50.5%
Jaime
50.5%
AJ
50.4%
Lindsay
50.1%
Robert
45.8%
Violet
43.4%
Livia
36.9%
Janice
35.9%

You're not logged in!

Compare scores with friends on all Sporcle quizzes.
Sign Up with Email
OR
Log In

You Might Also Like...

Show Comments

Extras

Top Quizzes Today


Score Distribution

Your Account Isn't Verified!

In order to create a playlist on Sporcle, you need to verify the email address you used during registration. Go to your Sporcle Settings to finish the process.